=LDR 00000nam 2200000 4500 =001 000226 =005 20250710114550 =035 ##$$a 0010-0725000040 =245 1#$$a Lara, si Kepik Kuning /$c Catherine Holtzhausen, Martha Evans, Nadene Kriel =100 #$$a Holtzhausen, Catherine =250 ##$$a Cetakan Pertama =300 ##$$a 24 hlm. : $b ilus. ; $c 22,9 cm =856 ##$$a TBM As Suhada =700 #$$a Evans, Martha =700 #$$a Kriel, Nadene =260 ##$$a Jakarta Timur :$b Badan Pengembangan dan Pembinaan Bahasa,$c 2024 =082 ##$$a 398. 280 2 =084 ##$$a 398. 280 2 HOL l =020 ##$$a 978-623-307-622-7 =650 #4$$a Cerita Anak-Terjemahan =650 #4$$a Literasi-Bahan Bacaan =990 ##$$a TBM01870187